Network security : (Record no. 187546)
[ view plain ]
| 000 -LEADER | |
|---|---|
| fixed length control field | 00667nam a2200217Ia 4500 |
| 005 - DATE AND TIME OF LATEST TRANSACTION | |
| control field | 20251103113326.0 |
| 008 - FIXED-LENGTH DATA ELEMENTS--GENERAL INFORMATION | |
| fixed length control field | 210716s2005 xx 000 0 und d |
| 020 ## - INTERNATIONAL STANDARD BOOK NUMBER | |
| International Standard Book Number | 813120216X |
| 040 ## - CATALOGING SOURCE | |
| Transcribing agency | AIMIT LIBRARY |
| 041 ## - LANGUAGE CODE | |
| Language code of text/sound track or separate title | eng |
| 082 ## - DEWEY DECIMAL CLASSIFICATION NUMBER | |
| Classification number | 005.8 |
| Edition number | 1 |
| Item number | HARJ |
| 100 ## - MAIN ENTRY--PERSONAL NAME | |
| Personal name | Harrington, Jan L. |
| 9 (RLIN) | 243489 |
| 245 ## - TITLE STATEMENT | |
| Title | Network security : |
| Remainder of title | a practical approach / |
| Statement of responsibility, etc. | By Jain L Harrington. |
| 250 ## - EDITION STATEMENT | |
| Edition statement | 1st ed. |
| 260 ## - PUBLICATION, DISTRIBUTION, ETC. | |
| Place of publication, distribution, etc. | New Delhi : |
| Name of publisher, distributor, etc. | Morgan Kaufmann , |
| Date of publication, distribution, etc. | 2005. |
| 300 ## - PHYSICAL DESCRIPTION | |
| Extent | xv,365p. ; |
| Other physical details | PB |
| Dimensions | 24.3 cm |
| 650 ## - SUBJECT ADDED ENTRY--TOPICAL TERM | |
| Topical term or geographic name entry element | Physical security |
| 9 (RLIN) | 243490 |
| 650 ## - SUBJECT ADDED ENTRY--TOPICAL TERM | |
| Topical term or geographic name entry element | Denial of service attacks |
| 9 (RLIN) | 243491 |
| 650 ## - SUBJECT ADDED ENTRY--TOPICAL TERM | |
| Topical term or geographic name entry element | Wireless security |
| 9 (RLIN) | 243492 |
| 942 ## - ADDED ENTRY ELEMENTS (KOHA) | |
| Source of classification or shelving scheme | Dewey Decimal Classification |
| Koha item type | Book |
| Edition | 1st |
| Call number prefix | 005.8 HARJ |
| Withdrawn status | Lost status | Source of classification or shelving scheme | Damaged status | Not for loan | Collection code | Home library | Current library | Source of acquisition | Cost, normal purchase price | Inventory number | Total Checkouts | Full call number | Barcode | Date last seen | Date last checked out | Cost, replacement price | Price effective from | Koha item type |
|---|---|---|---|---|---|---|---|---|---|---|---|---|---|---|---|---|---|---|
| Dewey Decimal Classification | MCA | St Aloysius Institute of Management & Information Technology | St Aloysius Institute of Management & Information Technology | Intel Book Distributors | 395.00 | Bill no:2006/CRB/0000393; Bill d | 1 | 005.8 HARJ | MCA07054 | 05/23/2026 | 10/05/2024 | 316.00 | 07/16/2021 | Book | ||||
| Dewey Decimal Classification | MCA | St Aloysius Institute of Management & Information Technology | St Aloysius Institute of Management & Information Technology | Athulya Books | 395.00 | Bill no:ABK 595; Bill dt:2011-10 | 005.82 HARJ | MCA11378 | 05/23/2026 | 296.25 | 07/16/2021 | Book |